[Event " Pojedinaèno prvenstvo Centralne Srbije 2013"]
[Site "Pozarevac, hotel "]
[Date "2013.02.18"]
[Round "1.1"]
[White "Savic, Miodrag R"]
[Black "Pantovic, Dragan M"]
[Result "1/2-1/2"]
[WhiteElo "2534"]
[BlackElo "2175"]
[PlyCount "0"]
[EventDate "2013.02.18"]

1.e4 c6 2.d4 d5 3.e5 Bf5 4.Nf3 e6 5.Be2 c5 6.O-O Nc6 7.c3 cxd4
8.Nxd4 Nge7 9.Nxf5 Nxf5 10.Bb5 Be7 11.Qe2 O-O 12.Nd2 a6 13.Bd3
d4 14.c4 Nb4 15.Nf3 Qd7 16.Bb1 Rfd8 17.Qe4 d3 18.Bd2 Qc6 19.Qxc6
Nxc6 20.Rd1 Rd7 21.Bc3 Rad8 22.a3 Nfd4 23.Nxd4 Nxd4 24.Ba5 Rc8
25.Ba2 Nc6 26.Bc3 b5 27.cxb5 axb5 28.Kf1 g6 29.Rac1 Rcd8 30.f4
d2 31.Rc2 b4 1/2-1/2

[Event " Pojedinaèno prvenstvo Centralne Srbije 2013"]
[Site "Pozarevac, hotel "]
[Date "2013.02.18"]
[Round "1.2"]
[White "Madjar, Stanislav"]
[Black "Milanovic, Danilo"]
[Result "0-1"]
[WhiteElo "2170"]
[BlackElo "2496"]
[PlyCount "0"]
[EventDate "2013.02.18"]

1.c4 e5 2.g3 Nc6 3.Bg2 Bc5 4.e3 d6 5.Ne2 a6 6.Nbc3 Nge7 7.O-O
O-O 8.d4 Ba7 9.h3 Bd7 10.Kh2 Rb8 11.b3 b5 12.Nd5 bxc4 13.bxc4
Nf5 14.dxe5 Nxe5 15.e4 Ne7 16.Qc2 Nxd5 17.cxd5 Qf6 18.Be3 Bxe3
19.fxe3 Qh6 20.Qxc7 Rb2 21.Nf4 Rc8 22.Qa7 g5 23.Rab1 Rxb1 24.Rxb1
gxf4 25.exf4 Nf3+ 0-1

[Event " Pojedinaèno prvenstvo Centralne Srbije 2013"]
[Site "Pozarevac, hotel "]
[Date "2013.02.18"]
[Round "1.3"]
[White "Pikula, Dejan"]
[Black "Njegic, Vladimir"]
[Result "1-0"]
[WhiteElo "2489"]
[BlackElo "2149"]
[PlyCount "0"]
[EventDate "2013.02.18"]

1.e4 e6 2.d3 c5 3.Nf3 Nc6 4.g3 d6 5.Bg2 Nge7 6.h4 h6 7.c3 d5
8.Qe2 dxe4 9.dxe4 e5 10.O-O Be6 11.Na3 a6 12.Nc4 Bxc4 13.Qxc4
Nc8 14.Be3 Nb6 15.Qe2 Be7 16.Rad1 Qc7 17.Nh2 Nd7 18.Bh3 Nf6 19.Ng4
Nh7 20.f4 exf4 21.Bxf4 Qb6 22.Nxh6 Nd4 23.cxd4 gxh6 24.d5 1-0

[Event " Pojedinaèno prvenstvo Centralne Srbije 2013"]
[Site "Pozarevac, hotel "]
[Date "2013.02.18"]
[Round "1.4"]
[White "Rajkovic, Ljubisa"]
[Black "Markovic, Miroslav"]
[Result "1/2-1/2"]
[WhiteElo "2148"]
[BlackElo "2486"]
[PlyCount "0"]
[EventDate "2013.02.18"]

1.c4 g6 2.Nc3 Bg7 3.d4 d6 4.g3 Nf6 5.Bg2 O-O 6.Nf3 Nc6 7.O-O
Bg4 8.h3 Bxf3 9.Bxf3 Nd7 10.e3 e5 11.dxe5 Ncxe5 12.Bxb7 Rb8 13.Bg2
Nxc4 14.Qc2 c5 15.Nd1 Ncb6 16.Nc3 Nc4 17.Nd1 Ndb6 18.Rb1 Qe7
19.b3 Ne5 20.Nc3 Rbc8 21.Nd5 Qd7 22.Qd1 Nc6 23.Nxb6 axb6 24.Bb2
Ne7 1/2-1/2

[Event " Pojedinaèno prvenstvo Centralne Srbije 2013"]
[Site "Pozarevac, hotel "]
[Date "2013.02.18"]
[Round "1.5"]
[White "Antic, Dejan"]
[Black "Zivkovic, Momcilo"]
[Result "1-0"]
[WhiteElo "2473"]
[BlackElo "2132"]
[PlyCount "0"]
[EventDate "2013.02.18"]

1.d4 d5 2.c4 c6 3.Nf3 Nf6 4.e3 Bf5 5.Nc3 e6 6.Nh4 Bg6 7.Nxg6
hxg6 8.g3 Nbd7 9.Bg2 Be7 10.O-O O-O 11.b3 a6 12.Bb2 b5 13.c5
b4 14.Na4 Qc7 15.Qc2 Rfe8 16.a3 a5 17.axb4 axb4 18.Bc1 e5 19.Bd2
Qb7 20.Nb2 e4 21.f3 Bf8 22.fxe4 dxe4 23.Nc4 Rxa1 24.Rxa1 Ra8
25.Qb1 Nd5 26.Bxe4 Nc3 27.Bxc3 bxc3 28.Rxa8 Qxa8 29.Qc1 Nf6 30.Bf3
Qa2 31.Qxc3 Qb1+ 32.Kg2 Nd5 33.Bxd5 cxd5 34.Nd2 Qe1 35.Ne4 Qe2+
36.Nf2 Qa6 37.b4 Be7 38.Qb3 Qb5 39.Qxd5 Qxb4 40.Qd7 Bg5 41.h4
Bf6 42.c6 1-0

[Event " Pojedinaèno prvenstvo Centralne Srbije 2013"]
[Site "Pozarevac, hotel "]
[Date "2013.02.18"]
[Round "1.6"]
[White "Colovic, Zoran"]
[Black "Abramovic, Bosko"]
[Result "0-1"]
[WhiteElo "2131"]
[BlackElo "2469"]
[PlyCount "0"]
[EventDate "2013.02.18"]

1.e4 e5 2.Nf3 Nc6 3.Bc4 Bc5 4.Nc3 Nf6 5.d3 d6 6.Bg5 h6 7.Bd2
a6 8.Nd5 Be6 9.b4 Ba7 10.c3 Bxd5 11.Bxd5 Nxd5 12.exd5 Ne7 13.Qb3
Qd7 14.O-O O-O 15.a4 Ng6 16.Be3 f5 17.c4 Kh7 18.b5 axb5 19.axb5
Bb6 20.h4 Rxa1 21.Rxa1 e4 22.dxe4 fxe4 23.h5 Nf4 24.Qc2 Nd3 25.Nd4
Qg4 26.Ne6 Rxf2 27.Bxf2 Nxf2 28.Qxf2 Bxf2+ 29.Kxf2 Qxh5 30.Ra7
Qh4+ 31.Kg1 e3 32.Ra8 Qf2+ 0-1

[Event " Pojedinaèno prvenstvo Centralne Srbije 2013"]
[Site "Pozarevac, hotel "]
[Date "2013.02.18"]
[Round "1.8"]
[White "Djordjevic, Zoran B"]
[Black "Cabrilo, Goran"]
[Result "0-1"]
[WhiteElo "2083"]
[BlackElo "2437"]
[PlyCount "0"]
[EventDate "2013.02.18"]

1.d4 Nf6 2.Nf3 g6 3.Bf4 Bg7 4.c4 O-O 5.Nc3 c5 6.e3 cxd4 7.exd4
d5 8.c5 Nc6 9.Be2 Ne4 10.O-O Bg4 11.Ne5 Nxe5 12.Bxg4 Nxg4 13.Qxg4
Bxd4 14.Nxe4 dxe4 15.Rfd1 Qd5 16.Be3 e5 17.Bxd4 exd4 18.f3 f5
19.Qf4 Rad8 20.Rac1 Rfe8 21.b3 d3 22.Qe3 f4 23.Qxf4 e3 0-1

[Event " Pojedinaèno prvenstvo Centralne Srbije 2013"]
[Site "Pozarevac, hotel "]
[Date "2013.02.18"]
[Round "1.9"]
[White "Martinovic, Slobodan"]
[Black "Simic, Vladica"]
[Result "1-0"]
[WhiteElo "2425"]
[BlackElo "2080"]
[PlyCount "0"]
[EventDate "2013.02.18"]

1.c4 c5 2.Nc3 Nc6 3.Nf3 Nf6 4.g3 g6 5.Bg2 Bg7 6.d4 cxd4 7.Nxd4
Nxd4 8.Qxd4 O-O 9.c5 d5 10.cxd6 Ng4 11.Qd1 exd6 12.O-O h5 13.Bf4
Qb6 14.Nd5 Qd8 15.Qd2 Be6 16.Bxd6 Bxd5 17.Qxd5 Re8 18.Rad1 Qf6
19.h3 Nh6 20.e4 Qxb2 21.Rb1 Qe2 22.Rfe1 Qa6 23.Bf1 Qc6 24.Qxc6
bxc6 25.Bc4 Rad8 26.Rbd1 Bc3 27.Re3 Bb4 28.Red3 Bxd6 29.Rxd6
Rxd6 30.Rxd6 Rxe4 31.Rxg6+ Kh7 32.Rxc6 Kg7 33.Kf1 Re5 34.Ra6
Re7 35.Be2 h4 36.g4 f6 37.Bc4 Rc7 38.Bb3 Kg6 39.Kg2 Re7 40.f4
Kg7 41.Ra5 Re2+ 42.Kg1 Re3 43.Rxa7+ Kh8 44.Kg2 Rg3+ 45.Kh2 Rf3
46.g5 fxg5 47.fxg5 Nf5 48.g6 Ng3 49.Rh7# 1-0

[Event " Pojedinaèno prvenstvo Centralne Srbije 2013"]
[Site "Pozarevac, hotel "]
[Date "2013.02.18"]
[Round "1.10"]
[White "Ilic, Milenko"]
[Black "Rajkovic, Dusan"]
[Result "0-1"]
[WhiteElo "1961"]
[BlackElo "2420"]
[PlyCount "0"]
[EventDate "2013.02.18"]

1.e4 c5 2.Nf3 e6 3.d4 cxd4 4.Nxd4 Nc6 5.Be2 Nf6 6.Bg5 Qa5+ 7.Bd2
Qb6 8.Nxc6 Nxe4 9.O-O Nxd2 10.Nxd2 bxc6 11.Nc4 Qc7 12.Qd2 d5
13.Ne3 Bd6 14.g3 O-O 15.Rac1 Rb8 16.c4 d4 17.Qxd4 Be5 18.Qh4
Bf6 19.Qe4 Rxb2 20.Rc2 Rxc2 21.Qxc2 c5 22.Bf3 Bd4 23.Nd1 Qa5
24.Ne3 Bd7 25.Rb1 g6 26.h4 Rd8 27.Nf1 Bc8 28.Kg2 Qc7 29.Nd2 Kg7
30.Nb3 Bf6 31.Rd1 Rxd1 32.Qxd1 Qe5 33.Qd2 Ba6 34.Qd7 Bxc4 35.Qxa7
Qb2 36.Qxc5 Bxb3 37.axb3 Bd4 38.Qc6 Qxf2+ 39.Kh3 Be5 0-1

[Event " Pojedinaèno prvenstvo Centralne Srbije 2013"]
[Site "Pozarevac, hotel "]
[Date "2013.02.18"]
[Round "1.11"]
[White "Nestorovic, Nikola"]
[Black "Ivkovic, Milos"]
[Result "1-0"]
[WhiteElo "2409"]
[BlackElo "1934"]
[PlyCount "0"]
[EventDate "2013.02.18"]

1.e4 c5 2.Nf3 Nc6 3.d4 cxd4 4.Nxd4 a6 5.Nc3 e6 6.Be3 Bb4 7.Nxc6
bxc6 8.Qd4 Bxc3+ 9.Qxc3 Nf6 10.Bd3 O-O 11.O-O Bb7 12.Qb4 Qb8
13.Bc5 Rc8 14.Rae1 d5 15.e5 Ne4 16.Bxe4 dxe4 17.Qxe4 a5 18.c4
a4 19.Rd1 Rd8 20.Bb6 Rxd1 21.Rxd1 c5 22.Qe3 Qe8 23.Qxc5 Rc8 24.Qd4
h6 25.f3 Ba6 26.b3 Qc6 27.Qe3 Rb8 28.Rd6 Qa8 29.Qd3 Rc8 30.Rd8+
Rxd8 31.Qxd8+ Qxd8 32.Bxd8 Kf8 33.Kf2 Ke8 34.Ba5 Kd7 35.Ke3 f5
36.f4 Bb7 37.g3 Be4 38.b4 Bb1 39.a3 Bc2 40.Kd4 Bd1 41.b5 Be2
42.Kc5 Bd3 43.Kb4 Bc2 44.c5 Bd1 45.c6+ Kc8 46.Kc5 Be2 47.b6 Ba6
48.Kd6 g5 49.b7+ 1-0

[Event " Pojedinaèno prvenstvo Centralne Srbije 2013"]
[Site "Pozarevac, hotel "]
[Date "2013.02.18"]
[Round "1.12"]
[White "Brankovan, Mario"]
[Black "Radovanovic, Dusan"]
[Result "0-1"]
[WhiteElo "1924"]
[BlackElo "2387"]
[PlyCount "0"]
[EventDate "2013.02.18"]

1.e4 c5 2.Nf3 Nc6 3.Bc4 e6 4.Nc3 a6 5.a4 Nf6 6.d3 d5 7.exd5 exd5
8.Bb3 h6 9.Ne2 Be7 10.h3 g5 11.Bd2 Be6 12.c3 Qc7 13.Bc2 Bd6 14.Be3
a5 15.d4 c4 16.Qb1 O-O-O 17.Nd2 Nh5 18.Bf5 Ne7 19.Bxe6+ fxe6
20.b3 cxb3 21.Qxb3 Nf5 22.Nf1 Nxe3 23.Nxe3 Nf4 24.Ra2 Rhf8 25.O-O
Nd3 26.Nc1 Nf4 27.Rc2 Kb8 28.c4 dxc4 29.Rxc4 Qd7 30.Nd3 Rc8 31.Nc5
Bxc5 32.dxc5 Qc6 33.Qb5 Ne2+ 34.Kh1 Rf4 35.Qxc6 Rxc6 36.Rxf4
gxf4 37.Ng4 Rxc5 38.Nxh6 Nc3 39.Re1 Nxa4 40.Rxe6 Nc3 41.Nf7 a4
42.Ne5 Rd5 43.Nc4 b5 44.Na3 Kb7 45.g4 fxg3 46.fxg3 Rd1+ 47.Kg2
Ra1 48.h4 Rxa3 49.h5 Ra2+ 50.Kf3 Rh2 51.h6 a3 52.Re7+ Kb6 53.h7
a2 0-1

[Event " Pojedinaèno prvenstvo Centralne Srbije 2013"]
[Site "Pozarevac, hotel "]
[Date "2013.02.18"]
[Round "1.13"]
[White "Dudukovic, Nikola"]
[Black "Kostic, Tomislav"]
[Result "1-0"]
[WhiteElo "2299"]
[BlackElo "1920"]
[PlyCount "0"]
[EventDate "2013.02.18"]

1.e4 c5 2.Nc3 e6 3.g3 Nc6 4.Bg2 g6 5.Nge2 Bg7 6.d3 Nge7 7.Be3
Nd4 8.O-O O-O 9.Qd2 Re8 10.f4 d6 11.g4 f5 12.gxf5 gxf5 13.Ng3
Rb8 14.Nd1 b5 15.c3 Ndc6 16.Nh5 Bh8 17.exf5 exf5 18.Bxc6 Nxc6
19.Qg2+ Kf7 20.Qxc6 Bb7 21.Qxb5 Bf3 22.Qxe8+ Qxe8 23.Rxf3 Qc6
24.Rg3 Qb5 25.Bf2 Qa4 26.Ne3 Rxb2 27.Nxf5 Bxc3 28.Nxd6+ Kf8 29.Rf1
Rxf2 30.Kxf2 Qd4+ 31.Kg2 Qxd6 32.Rgf3 Qd5 33.f5 Qxa2+ 34.R1f2
Qd5 35.Nf4 Qd6 36.Ne6+ Ke7 37.Ng5 a5 38.Ne4 Qe5 39.f6+ Kf7 40.Rf5
Qd4 41.Ng5+ Kg6 42.f7 Qg4+ 43.Kh1 Bg7 44.Ne6 Qd1+ 45.Rf1 Qxd3
46.Nf4+ 1-0

[Event " Pojedinaèno prvenstvo Centralne Srbije 2013"]
[Site "Pozarevac, hotel "]
[Date "2013.02.18"]
[Round "1.14"]
[White "Zajic, Milun"]
[Black "Ilic, Zoran S"]
[Result "0-1"]
[WhiteElo "1903"]
[BlackElo "2293"]
[PlyCount "0"]
[EventDate "2013.02.18"]

1.c4 g6 2.g3 Bg7 3.Bg2 e5 4.Nc3 Nc6 5.e3 d6 6.h3 f5 7.d3 Nf6
8.Nge2 O-O 9.O-O Be6 10.Nd5 Qd7 11.Kh2 Rab8 12.Nec3 a6 13.a3
Bf7 14.Rb1 Rfe8 15.Qc2 h5 16.b4 Ne7 17.Nxf6+ Bxf6 18.Nd5 Nxd5
19.cxd5 h4 20.Bd2 Re7 21.Rbc1 Kg7 22.e4 Rh8 23.Qd1 Be8 24.g4
fxg4 25.Qxg4 Qxg4 26.hxg4 g5 27.Rc3 c6 28.dxc6 Bxc6 29.Be3 Kg6
30.Rd1 Rf7 31.Bf1 Rhf8 32.Rdc1 Bb5 33.Be2 Bd8 34.Kg2 Rd7 35.Bd1
a5 36.Bb3 axb4 37.axb4 Re7 38.Bd5 Kf6 39.Ra3 Rc7 40.Rxc7 Bxc7
41.Bxb7 Rb8 42.Bd5 Bb6 43.Bd2 Rc8 44.d4 Be2 45.dxe5+ dxe5 46.f3
Bd4 47.Bb3 Bc3 48.Ra2 Bxd2 49.Rxd2 Bxf3+ 50.Kf2 Bxg4 51.Bd5 Rb8
52.Rb2 Bd7 53.Kf3 g4+ 54.Ke3 g3 55.Kf3 0-1

[Event " Pojedinaèno prvenstvo Centralne Srbije 2013"]
[Site "Pozarevac, hotel "]
[Date "2013.02.18"]
[Round "1.15"]
[White "Popovic, Aleksandar M"]
[Black "Gagic, Miroljub"]
[Result "1-0"]
[WhiteElo "2271"]
[BlackElo "1882"]
[PlyCount "0"]
[EventDate "2013.02.18"]

1.g3 g6 2.Bg2 Bg7 3.Nf3 f5 4.c4 Nf6 5.Nc3 d6 6.O-O O-O 7.d4 Qe8
8.c5 d5 9.c6 bxc6 10.Bf4 Qd8 11.Qa4 Nfd7 12.Qa5 Nb6 13.Ne5 Bb7
14.Na4 Nxa4 15.Qxa4 Bxe5 16.Bxe5 Nd7 17.Bf4 Nb6 18.Qa5 Qd7 19.b3
Rf6 20.Rac1 Re6 21.Rc2 Nc8 22.Bxc7 Nd6 23.Rfc1 Ne4 24.Be5 Ng5
25.h4 Nf7 26.Bf4 Qd8 27.Bc7 Qd7 28.a4 Kg7 29.Bf4 h6 30.Qd2 Ba6
31.Be5+ Kh7 32.f4 Bb7 33.b4 Rc8 34.Bh3 h5 35.Rc5 Nd6 36.Bg2 Nc4
37.Qd3 Nb2 38.Qc2 Nc4 39.Bf3 Ba6 40.Qc3 Nb6 41.Qc2 Nc4 42.Kf2
Nb6 43.Bg2 Nc4 44.e3 Qb7 45.b5 cxb5 46.axb5 Bxb5 47.Bxd5 Qa6
48.Bxc4 Rec6 49.Bd5 Bd3 50.Rxc6 Rxc6 51.Qxc6 1-0

[Event " Pojedinaèno prvenstvo Centralne Srbije 2013"]
[Site "Pozarevac, hotel "]
[Date "2013.02.18"]
[Round "1.16"]
[White "Gligorijevic, Bojan"]
[Black "Garic, Radomir"]
[Result "0-1"]
[WhiteElo "1866"]
[BlackElo "2271"]
[PlyCount "0"]
[EventDate "2013.02.18"]

1.e4 c5 2.Nf3 Nc6 3.d4 cxd4 4.Nxd4 Qc7 5.Be2 Nf6 6.Nc3 e6 7.Ndb5
Qb8 8.O-O a6 9.Nd4 Qc7 10.Nxc6 bxc6 11.Be3 d5 12.exd5 cxd5 13.Na4
Rb8 14.c4 Bd6 15.f4 O-O 16.Rc1 Qa5 17.c5 Be7 18.a3 Qc7 19.b4
Ne4 20.Nb6 Bb7 21.Qa4 Bf6 22.Qd7 Rfc8 23.Rc2 d4 24.Bc1 g6 25.f5
gxf5 26.Bh5 d3 27.Ra2 Qxd7 28.Nxd7 Bd4+ 29.Kh1 Bd5 30.Bb2 Bxb2
31.Rxb2 Rb7 32.Nb6 Rd8 33.Rd1 Bc6 34.Kg1 Nc3 35.Rdd2 Ne4 36.Rd1
Nc3 37.Rdd2 Na4 38.Nxa4 Bxa4 39.Bf3 Rc7 40.Kf2 e5 41.Ke3 f4+
42.Kf2 f5 0-1

[Event " Pojedinaèno prvenstvo Centralne Srbije 2013"]
[Site "Pozarevac, hotel "]
[Date "2013.02.18"]
[Round "1.17"]
[White "Chelushkina, Irina"]
[Black "Doncic, Dragoljub"]
[Result "1-0"]
[WhiteElo "2265"]
[BlackElo "1844"]
[PlyCount "0"]
[EventDate "2013.02.18"]

1.g3 d5 2.Nf3 Nf6 3.Bg2 g6 4.O-O Bg7 5.d4 O-O 6.Ne5 c6 7.c4 dxc4
8.Na3 Nbd7 9.Naxc4 Nxe5 10.Nxe5 Nd7 11.Nf3 Nb6 12.a4 Bg4 13.a5
Nd5 14.h3 Bxf3 15.Bxf3 Nc7 16.Be3 Qd7 17.Kg2 e6 18.Qa4 a6 19.Rad1
Nd5 20.Bc1 f5 21.Rd3 Nc7 22.Rfd1 Nb5 23.Bf4 Rad8 24.Bg5 Bf6 25.Bxf6
Rxf6 26.Qb4 Qd6 27.Qd2 Kg7 28.h4 h5 29.Qg5 Rh8 30.Qe3 f4 31.Qe5
fxg3 32.fxg3 Rhf8 33.R1d2 Qc7 34.g4 hxg4 35.Bxg4 Qxa5 36.h5 Qc7
37.Rg3 Qxe5 38.dxe5 R6f7 39.Kh3 gxh5 40.Bxh5+ Kh6 1-0

[Event " Pojedinaèno prvenstvo Centralne Srbije 2013"]
[Site "Pozarevac, hotel "]
[Date "2013.02.18"]
[Round "1.19"]
[White "Zajic, Milan"]
[Black "Dubravcic, Nikola"]
[Result "1-0"]
[WhiteElo "2245"]
[BlackElo "1663"]
[PlyCount "0"]
[EventDate "2013.02.18"]

1.c4 c5 2.g3 Nc6 3.Nf3 e6 4.Bg2 g6 5.d4 cxd4 6.Nxd4 Bg7 7.Nb5
Nge7 8.Bf4 e5 9.Nd6+ Kf8 10.Be3 Nf5 11.Nxf5 gxf5 12.Bc5+ Ke8
13.Qd2 Bf8 14.Bxf8 Kxf8 15.Nc3 a6 16.Qh6+ Ke8 17.O-O-O Ne7 18.Qg7
Ng6 19.h4 h5 20.Rd6 Rf8 21.Nd5 Qa5 22.Rxg6 Qc5 23.Qxe5+ Kd8 24.Rc6
bxc6 25.Qf6+ Ke8 26.Nc7# 1-0

[Event " Pojedinaèno prvenstvo Centralne Srbije 2013"]
[Site "Pozarevac, hotel "]
[Date "2013.02.18"]
[Round "1.20"]
[White "Ratkovic, Petar"]
[Black "Sorgic, Dragan"]
[Result "0-1"]
[WhiteElo "1645"]
[BlackElo "2239"]
[PlyCount "0"]
[EventDate "2013.02.18"]

1.d4 Nf6 2.Nf3 g6 3.Nc3 Bg7 4.e4 d6 5.Bg5 h6 6.Bf4 c5 7.dxc5
Qa5 8.Qd2 Qxc5 9.O-O-O Nc6 10.Be3 Qa5 11.Kb1 Ng4 12.Nd5 Qxd2
13.Rxd2 Nxe3 14.Nxe3 Rb8 15.Be2 O-O 16.c3 Bd7 17.Nc2 b5 18.Nfd4
b4 19.cxb4 Nxd4 20.Nxd4 Rxb4 21.Rhd1 Rfb8 22.b3 a5 23.Bc4 Rxc4 0-1

[Event " Pojedinaèno prvenstvo Centralne Srbije 2013"]
[Site "Pozarevac, hotel "]
[Date "2013.02.18"]
[Round "1.21"]
[White "Djukic, Slobodan D"]
[Black "Kostic, Marko"]
[Result "1-0"]
[WhiteElo "2213"]
[BlackElo "1639"]
[PlyCount "0"]
[EventDate "2013.02.18"]

1.e4 e5 2.Nf3 Nc6 3.Bb5 Nf6 4.O-O a6 5.Bxc6 dxc6 6.Nxe5 Nxe4
7.Qe2 Qd5 8.Nf3 Be6 9.d3 Nf6 10.Ng5 O-O-O 11.Nxe6 Qxe6 12.Qxe6+
fxe6 13.Nd2 Bc5 14.Re1 e5 15.Ne4 Bd4 16.Rb1 Rhf8 17.Nxf6 Rxf6
18.Be3 Rdf8 19.f3 b5 20.c3 Bxe3+ 21.Rxe3 Rf5 22.Rbe1 Rd8 23.Kf2
Rd5 24.g4 Rf7 25.Rxe5 Rxd3 26.R5e3 Rxe3 27.Rxe3 Kb7 28.h4 c5
29.Kg3 Rd7 30.Re2 c4 31.g5 g6 32.h5 a5 33.hxg6 hxg6 34.Re6 Rd2
35.Rxg6 Rxb2 36.Rh6 b4 37.Rh1 bxc3 38.Rc1 c2 39.f4 a4 40.g6 Rb1
41.Rxc2 Rg1+ 42.Kf3 Rxg6 43.Rxc4 Ra6 44.f5 Kb6 45.f6 Kb5 46.f7
Ra8 47.Rxc7 Kb4 48.Ra7 Rf8 49.Ke4 Ka3 50.Ke5 Rxf7 51.Rxf7 Kxa2
52.Kd4 a3 53.Kc3 Kb1 54.Kb3 1-0